00696nam a22002417a 450000100060000000300080000600500170001400800410003103500190007204000260009104100080011708200200012510000200014524500650016525000120023026000640024230000210030650400270032765000240035465000200037865000390039870000170043711923BD-RjUL20211208235214.0140127t19641957fr ||||| b||| 001 0 eng d a(BD-RjUL)11972 aBD-RjULbengcBD-RjUL aeng a574.1bREL 19641 aReinberg, Alain10aLes rythmes biologiques /cby Alain Reinberg and Jean Ghata. a2nd ed. aParis :bPresses Universitaires de France,c ©1957 [1964]. a126 p. :c18 cm. aIncludes bibliography. 0aBiological rhythms. 0aChronobiologie. 0achronobiologiexrythme biologique.1 aGhata, Jean.